000 00545nam a22001697a 4500
005 20251108173711.0
008 250721s2008 xx 000 0 ara d
082 1 4 _aم/ 355.0019/ عيس
100 1 _aالعيسوي، عبد الرحمن محمد
_eمؤلف
245 1 0 _aسيكولوجية القضاء الجنائي /
264 1 _aبيروت :
_bدار الراتب الجامعية،
_c[2008].
300 _aج4.
650 1 7 _aعلم النفس العسكري
650 1 7 _aالموسوعات
942 _2ddc
_cREF
999 _c110297
_d110297